000 00813nam a22002177a 4500
008 160924s2003 br||||| |||| 00| 0 por d
082 0 4 _a708
_bM717j
100 1 _aMolder, Jorge.
_95530
245 1 0 _aJorge Molder /
_cJorge Molder ; Museu de Arte Moderna Aloisio Magalhães (MAMAM).
250 _a1a ed.
260 _aBrasil :
_bMAMAM,
_c2003.
300 _a20 p.
_bil. col.
500 _aCatálogo publicado con motivo a la exhibición "Jorge Molder", presentada del 10 de diciembre de 2003 al 15 de febrero de 2004, en el Museu de Arte Moderna Aloisio Magalhães.
653 1 0 _aArte contemporáneo
653 1 0 _aCatálogo de exhibición
653 1 0 _aExhibiciones
653 1 0 _aVideoarte
653 1 0 _aFotografía
653 1 0 _aArte - Brasil
710 1 _aMuseu de Arte Moderna Aloisio Magalhães.
_95531
999 _c1057
_d1057